Statistics for Just Dance 2020

Click here to take the quiz!

General Stats

  • This quiz has been taken 31 times
  • The average score is 16 of 36

Answer Stats

artistSong% Correct
Billie EilishBad Guy
91%
Ariana Grande7 Rings
77%
PinkfongBaby Shark
77%
BLACKPINKKill This Love
77%
Lil Nas X with Billy Ray CyrusOld Town Road
77%
Zedd and Katy Perry365
64%
Skrillex with SirahBangarang
64%
Panic at the DiscoHigh Hopes
64%
DJ Sanke, Cardi B and Selena Gomez, OzunaTaki Taki
64%
Ariana grandeGod is a Woman
59%
2NE1I Am the Best
59%
TwiceFancy
55%
Cardi B, Bad Bunny and J BalvinI Like it
55%
KhalidTalk
50%
Daddy Yankee with SnowCon Calma
45%
Pitbull with Marc AnthonyRain Over Me
45%
Little BigSkibidi
45%
Merk and KremontSushi
45%
The Black Eyed PeasThe time
45%
NettaBassa Sababa
41%
Rosalia and J BalvinCon Altura
41%
Omar Adam with ArisaTel Aviv
41%
Eva Simons with KonshensPoliceman
36%
Riton and Kah-LoBad Boy
32%
KoyotieGet Busy
32%
VAVA with Ty and Nina WangMy New Swag
32%
Bomba EsteroSoy Yo
32%
ChromeoFancy Footwork
27%
Royal RepublicStop Movin
27%
Jolin TsaiUgly Beauty
27%
Equinox StarsJust an Illusion
23%
JD McCraryKeep in Touch
23%
Stella MwangiMa Itu
23%
LexaSo Depois Do Carnaval
5%
XS ProjectVodovort
5%
The StreetsFit but You Kow it
0%

Score Distribution

Percentile by Number Answered

Percent of People with Each Score

Your Score History

You have not taken this quiz